| Tag |
First Indicator |
Second Indicator |
Subfields |
| LEADER |
00000cam a2200000 a 4500 |
| 001 |
in00002001663 |
| 005 |
20151031123824.0 |
| 008 |
920219s1989 sp b b 000 0 spa d |
| 020 |
|
|
|a 8430620311
|
| 035 |
|
|
|a (OCoLC)ocm25301444
|
| 040 |
|
|
|a ZIH
|c ZIH
|d TXA
|d UtOrBLW
|
| 041 |
1 |
|
|a spa
|h eng
|
| 049 |
|
|
|a TXAM
|
| 090 |
|
|
|a PQ6358.F5
|b R55 1989
|
| 100 |
1 |
|
|a Riley, E. C.
|
| 240 |
1 |
0 |
|a Cervantes's theory of the novel.
|l Spanish
|
| 245 |
1 |
0 |
|a Teoria de la, novela en Cervantes /
|c E.C. Riley ; version castellana de Carlos Sahag'un.
|
| 264 |
|
1 |
|a Madrid :
|b Taurus,
|c 1989.
|
| 300 |
|
|
|a 359 pages ;
|c 21 cm.
|
| 336 |
|
|
|a text
|b txt
|2 rdacontent
|
| 337 |
|
|
|a unmediated
|b n
|2 rdamedia
|
| 338 |
|
|
|a volume
|b nc
|2 rdacarrier
|
| 490 |
0 |
|
|a Persiles ;
|v 31
|
| 500 |
|
|
|a Translation of: Cervantes's theory of the novel.
|
| 504 |
|
|
|a Includes bibliographical references (pages 349-359).
|
| 536 |
|
|
|a From the Biblioteca Asensio, April 2004.
|
| 600 |
1 |
0 |
|a Cervantes Saavedra, Miguel de,
|d 1547-1616.
|
| 650 |
|
0 |
|a Fiction.
|
| 948 |
|
|
|a cataloged
|b h
|c 2004/10/18
|d c
|e dmitchel
|f 3:30:30 pm
|
| 994 |
|
|
|a E0
|b TXA
|
| 999 |
|
|
|a MARS
|
| 999 |
f |
f |
|s 34bf0291-b87e-3ca3-841f-db370242eef4
|i 99a559b0-dcf7-3312-813a-303aa89cefce
|t 0
|
| 952 |
f |
f |
|p normal
|a Texas A&M University
|b College Station
|c Sterling C. Evans Library
|d Evans: Library Stacks
|t 0
|e PQ6358.F5 R55 1989
|h Library of Congress classification
|i unmediated -- volume
|m A14831344971
|
| 998 |
f |
f |
|a PQ6358.F5 R55 1989
|t 0
|l Evans: Library Stacks
|